Tintin - Personnages des Sept boules de cristal - Mort subite - Statistiques

Statistiques générales
  • Ce quiz a été pris 104 fois
  • Le résultat moyen est 8 sur 16
Answers on the Grid
Answers color-coded by a green-red scale on the quiz's grid according to % correct below.
Le capitaine Archibald Haddock
Dupond et Dupont
Le professeur Tryphon Tournesol
Bianca Castafiore
Roberto Rastapopoulos
Le général Alcazar
Nestor
Séraphin Lampion
Le capitaine Chester
Chiquito
Henri Sanzot
Caraco
Zorrino
Le professeur Paul Cantonneau
Le professeur Otto Schulze
Le professeur Hippolyte Bergamotte
Marc Charlet
Ramon Bada
Bruno
Mme Pinson
Huascar
Rascar Capac
Le professeur Anton Sanders-Hardmuth
Le professeur Hippolyte Calys
Le señor inspector superior
Madame Yamilah
Jeanne Clairmont
Le chat de Moulinsart
 
Statistiques - réponses
Réponse % Correct
Le capitaine Archibald Haddock
95%
Dupond et Dupont
90%
Le professeur Tryphon Tournesol
90%
Nestor
61%
Le professeur Hippolyte Bergamotte
49%
Le général Alcazar
44%
Le professeur Paul Cantonneau
44%
Marc Charlet
44%
Le professeur Anton Sanders-Hardmuth
39%
Bianca Castafiore
37%
Rascar Capac
37%
Chiquito
34%
Madame Yamilah
34%
Jeanne Clairmont
32%
Le chat de Moulinsart
24%
Bruno
20%
Aucun quiz correspondant
Distribution des résultats
% des personnes avec chaque résultat
Percentile par nombre de réponses
Votre historique - résultats
Vous n’avez pas pris ce quiz